Technical papers (volume I) PC`91 meeting and international symposium...20-25 May 1991, Beijing. (Record no. 91444)

MARC details
000 -LEADER
fixed length control field 00830cam a2200253 4500
001 - CONTROL NUMBER
control field J1544
008 - FIXED-LENGTH DATA ELEMENTS--GENERAL INFORMATION
fixed length control field 090401t1991 xxu||||| |||| 00| 0 eng d
035 ## - SYSTEM CONTROL NUMBER
System control number (Sirsi) u44133
041 ## - LANGUAGE CODE
Language code of text/sound track or separate title eng
050 ## - LIBRARY OF CONGRESS CALL NUMBER
Classification number 526.90951
110 ## - MAIN ENTRY--CORPORATE NAME
Corporate name or jurisdiction name as entry element Federation International Des Geometres
245 ## - TITLE STATEMENT
Title Technical papers (volume I) PC`91 meeting and international symposium...20-25 May 1991, Beijing.
260 ## - PUBLICATION, DISTRIBUTION, ETC.
Place of publication, distribution, etc. Beijing
Name of publisher, distributor, etc. Chinese Society of Geodesy, Photogrammet
Date of publication, distribution, etc. 1991
300 ## - PHYSICAL DESCRIPTION
Extent 384p. ; 30cm.
350 ## - PRICE (NR) (BK AM CF MU VM SE) [OBSOLETE]
Price 0
520 ## - SUMMARY, ETC.
Summary, etc. Sponsored by the Chinese Society of Geodesy, Photogrammetry and Cartography.
650 ## - SUBJECT ADDED ENTRY--TOPICAL TERM
Topical term or geographic name entry element CADASTRAL SURVEYING
650 ## - SUBJECT ADDED ENTRY--TOPICAL TERM
Topical term or geographic name entry element CHINA
650 ## - SUBJECT ADDED ENTRY--TOPICAL TERM
Topical term or geographic name entry element CHINESE SOCIETY OF GEODESY PHOTOGRAMMETRY AND CARTOGRAPHY
650 ## - SUBJECT ADDED ENTRY--TOPICAL TERM
Topical term or geographic name entry element ENGINEERING SURVEYING
690 ## - LOCAL SUBJECT ADDED ENTRY--TOPICAL TERM (OCLC, RLIN)
Topical term or geographic name as entry element LAND SURVEYING
942 ## - ADDED ENTRY ELEMENTS (KOHA)
Suppress in OPAC 0
948 ## - LOCAL PROCESSING INFORMATION (OCLC); SERIES PART DESIGNATOR (RLIN)
c (OCLC) 04/03/1997
Holdings
Withdrawn status Lost status Source of classification or shelving scheme Damaged status Not for loan Home library Current library Shelving location Date acquired Total Checkouts Full call number Barcode Date last seen Copy number Price effective from Koha item type
    Dewey Decimal Classification     London London Basement 26/05/1993   SHELF 202 30038783 06/08/2019 1 06/08/2019 Book